| Tag |
First Indicator |
Second Indicator |
Subfields |
| LEADER |
00000nam a2200000 i 4500 |
| 001 |
in00004632905 |
| 006 |
m o d f |
| 007 |
cr b|||||a|||| |
| 008 |
221017s2022 dcu ob f000 0 eng c |
| 005 |
20230113210820.0 |
| 035 |
|
|
|a (OCoLC)on1347764795
|
| 040 |
|
|
|a GPO
|b eng
|e rda
|e pn
|c GPO
|d GPO
|d MvI
|
| 042 |
|
|
|a pcc
|
| 043 |
|
|
|a n-us---
|
| 049 |
|
|
|a WWW
|
| 074 |
|
|
|a 1008-I (online)
|
| 086 |
0 |
|
|a Y 1.1/8:117-529
|
| 110 |
1 |
|
|a United States.
|b Congress.
|b House.
|b Committee on Energy and Commerce,
|0 https://id.loc.gov/authorities/names/n81050896
|e author.
|
| 245 |
1 |
0 |
|a Resolution of inquiry requesting the President and directing the Secretary of Health and Human Services to transmit, respectively, certain documents to the House of Representatives relating to ivermectin :
|b adverse report (to accompany H. Res. 1355).
|
| 264 |
|
1 |
|a [Washington, D.C.] :
|b [U.S. Government Publishing Office],
|c [2022]
|
| 300 |
|
|
|a 1 online resource (6 pages).
|
| 336 |
|
|
|a text
|b txt
|2 rdacontent
|
| 337 |
|
|
|a computer
|b c
|2 rdamedia
|
| 338 |
|
|
|a online resource
|b cr
|2 rdacarrier
|
| 490 |
1 |
|
|a Report / 117th Congress, 2d session, House of Representatives ;
|v 117-529
|
| 504 |
|
|
|a Includes bibliographical references.
|
| 500 |
|
|
|a "September 29, 2022."
|
| 500 |
|
|
|a GPO Cataloging Record Distribution Program (CRDP).
|
| 588 |
|
|
|a Description based on online resource; PDF version; title from caption (GovInfo, viewed Oct. 17, 2022).
|
| 650 |
|
0 |
|a Ivermectin.
|0 https://id.loc.gov/authorities/subjects/sh85069082
|
| 650 |
|
0 |
|a Helminths.
|0 https://id.loc.gov/authorities/subjects/sh85060076
|
| 650 |
|
0 |
|a Veterinary drug residues
|0 https://id.loc.gov/authorities/subjects/sh86003893
|x Toxicology.
|0 https://id.loc.gov/authorities/subjects/sh2002007679
|
| 650 |
|
7 |
|a Health.
|2 cgpa
|
| 650 |
|
7 |
|a Animals.
|2 cgpa
|
| 655 |
|
7 |
|a Legislative materials.
|2 lcgft
|0 https://id.loc.gov/authorities/genreForms/gf2011026362
|
| 776 |
0 |
8 |
|i Print version:
|a United States. Congress. House. Committee on Energy and Commerce.
|t Resolution of inquiry requesting the President and directing the Secretary of Health and Human Services to transmit, respectively, certain documents to the House of Representatives relating to ivermectin
|w (OCoLC)1347764829
|
| 810 |
1 |
|
|a United States.
|b Congress.
|b House.
|t Report ;
|0 https://id.loc.gov/authorities/names/n42025618
|v 117-529.
|
| 856 |
4 |
0 |
|u https://purl.fdlp.gov/GPO/gpo187687
|t 0
|
| 999 |
f |
f |
|s 70d70a6a-ee5a-462d-82e3-ee2781a50e61
|i fde40a42-1f0f-40bc-b043-1431f481f4b4
|t 0
|
| 952 |
f |
f |
|a Texas A&M University
|b College Station
|c Electronic Resources
|d Available Online
|t 0
|e Y 1.1/8:117-529
|h Superintendent of Documents classification
|
| 998 |
f |
f |
|a Y 1.1/8:117-529
|t 0
|l Available Online
|